[Event "15. OIBM Bad Wiessee"]
[Site "Bad Wiessee"]
[Date "2011.11.03"]
[Round "7.30"]
[White "Kartsev, Soel"]
[Black "Morawietz, Dieter"]
[Result "1-0"]
[WhiteElo "2183"]
[BlackElo "2432"]
[PlyCount "137"]
[EventDate "2011.??.??"]
[WhiteTeam "SV Castrop-Rauxel 1923"]
[BlackTeam "Klub Kölner SF e.V. 1"]

1. e4 c5 2. c3 Nf6 3. e5 Nd5 4. d4 cxd4 5. Nf3 e6 6. cxd4 b6 7. Bc4 Bb7 8. O-O
Qc7 9. Qe2 Bc6 10. Ng5 Be7 11. Ne4 Qb7 12. Qg4 Na6 13. Bg5 f5 14. exf6 Nxf6 15.
Bxf6 gxf6 16. Qh5+ Kd8 17. Nbc3 d5 18. Bxa6 Qxa6 19. Ng3 Bd7 20. Rfe1 Qd3 21.
Re3 Qg6 22. Qe2 Qf7 23. a4 a6 24. Nh5 Bd6 25. Qf3 Rf8 26. Nf4 Rc8 27. Rae1 Re8
28. g3 Rc4 29. Nfe2 Kc8 30. b3 Rc6 31. Nf4 Kb7 32. R1e2 Bf8 33. Na2 Ka7 34. Nh5
f5 35. Nf4 Bg7 36. Rd2 Qf8 37. Qh5 Bh6 38. Qf3 Qd6 39. Re5 Bg7 40. Re1 Bh6 41.
Re5 Qa3 42. Re3 Rec8 43. Kg2 Rc2 44. Rxc2 Rxc2 45. Nc3 Qd6 46. Nce2 Rc7 47. Qh5
Bg7 48. Qxh7 Bf6 49. Qg6 e5 50. dxe5 Bxe5 51. Qxd6 Bxd6 52. Nd4 Rc1 53. Rd3
Bxf4 54. gxf4 a5 55. h4 Be8 56. Nxf5 b5 57. Nd6 bxa4 58. Nxe8 a3 59. Rxd5 Kb6
60. Rd2 Kc5 61. f5 Kb4 62. f6 Rc5 63. Nd6 Rh5 64. f7 Rh8 65. Re2 Rf8 66. Re8
Rxf7 67. Nxf7 a2 68. Re1 Kxb3 69. h5 1-0

[Event "15. OIBM Bad Wiessee"]
[Site "Bad Wiessee"]
[Date "2011.11.03"]
[Round "7.32"]
[White "Forchert, Martin"]
[Black "Engelbert, Christoph"]
[Result "1/2-1/2"]
[WhiteElo "2420"]
[BlackElo "2156"]
[PlyCount "58"]
[EventDate "2011.??.??"]
[WhiteTeam "Bielefelder SK von 1883"]
[BlackTeam "Hamburger SK von 1830 eV"]

1. e4 g6 2. d4 Bg7 3. Nc3 d6 4. Be3 Nf6 5. h3 O-O 6. g3 e5 7. Nge2 Nc6 8. Bg2
Bd7 9. O-O exd4 10. Nxd4 Re8 11. Re1 Nxd4 12. Bxd4 c5 13. Be3 Bc6 14. Qd3 Re6
15. f4 Qb6 16. Rab1 Rae8 17. b4 Bxe4 18. Nxe4 Nxe4 19. Bxe4 Rxe4 20. bxc5 Qc6
21. cxd6 Bd4 22. Qxd4 Rxd4 23. Bxd4 Rd8 24. c3 Rxd6 25. Rxb7 Rxd4 26. Rb8+ Kg7
27. cxd4 Qc3 28. Kf2 Qxd4+ 29. Re3 Qd5 1/2-1/2

[Event "15. OIBM Bad Wiessee"]
[Site "Bad Wiessee"]
[Date "2011.11.03"]
[Round "7.34"]
[White "Pirrot, Dieter"]
[Black "Heidel, Andre Nicolas"]
[Result "1/2-1/2"]
[WhiteElo "2385"]
[BlackElo "2155"]
[PlyCount "85"]
[EventDate "2011.??.??"]
[WhiteTeam "SV 1920 Hofheim"]
[BlackTeam "SC 1959 Obernau"]

1. e4 e6 2. d4 d5 3. e5 c5 4. c3 Nc6 5. Nf3 Nh6 6. Bxh6 gxh6 7. Bb5 cxd4 8.
cxd4 Bg7 9. O-O O-O 10. Bxc6 bxc6 11. Nc3 c5 12. dxc5 Qa5 13. Qd4 Rb8 14. a3
Rb3 15. Rfb1 Qc7 16. Qd1 Qb8 17. Qe2 f6 18. Nd4 Rb7 19. exf6 Bxf6 20. c6 Bxd4
21. cxb7 Qxb7 22. Nb5 Bxf2+ 23. Kh1 Qb6 24. Rf1 Qe3 25. Qc2 d4 26. Qc6 e5 27.
Nd6 Bf5 28. Nxf5 Rxf5 29. Qe6+ Rf7 30. Rae1 Qxe1 31. Rxe1 Bxe1 32. Qe8+ Rf8 33.
Qe6+ Rf7 34. g3 d3 35. Qe8+ Rf8 36. Qe6+ Rf7 37. Qe8+ Rf8 38. Qxe5 d2 39. Qd5+
Kg7 40. b4 Kg6 41. a4 Rc8 42. Qe6+ Kg7 43. Qe7+ 1/2-1/2

[Event "15. OIBM Bad Wiessee"]
[Site "Bad Wiessee"]
[Date "2011.11.03"]
[Round "7.37"]
[White "Maric, Davor"]
[Black "Juergens, Klaus"]
[Result "1-0"]
[WhiteElo "2319"]
[BlackElo "2155"]
[PlyCount "143"]
[EventDate "2011.??.??"]
[WhiteTeam "Kasseler SK 1876"]
[BlackTeam "SG Traunstein/Traunreut e.V."]

1. e4 c5 2. Nf3 g6 3. Bc4 Bg7 4. O-O Nc6 5. Re1 e6 6. c3 Nge7 7. Bb3 d5 8. exd5
exd5 9. d4 cxd4 10. Nxd4 Nxd4 11. cxd4 O-O 12. Bg5 Be6 13. Nc3 Re8 14. Qf3 Qd6
15. Bf6 Bxf6 16. Qxf6 a6 17. h4 h5 18. Re5 Nf5 19. Rae1 Qd7 20. Nxd5 Bxd5 21.
Bxd5 Rxe5 22. Rxe5 Ng7 23. Bb3 Kf8 24. d5 Re8 25. d6 Rxe5 26. Qxe5 Qd8 27. g3
Qd7 28. Qf6 Qe8 29. Bd5 b6 30. Qd4 Qd8 31. Bc6 Kg8 32. d7 Ne6 33. Qd3 g5 34.
hxg5 Qxg5 35. Bd5 Nd8 36. Qe4 Kg7 37. Kh2 Qf6 38. Kg2 Qxb2 39. Qh4 Qf6 40. Qxh5
Kf8 41. Qe2 Qe7 42. Qxa6 Qxd7 43. Bb3 Qc6+ 44. Kg1 Qc1+ 45. Qf1 Qd2 46. Qd1
Qxd1+ 47. Bxd1 Ke7 48. Kf1 Kf6 49. Ke2 Ke5 50. Ke3 f6 51. f4+ Kd6 52. Bb3 Nc6
53. Ke4 Ne7 54. g4 Nc8 55. Kf5 Ke7 56. Kg6 Nd6 57. Bd5 Nb5 58. g5 fxg5 59. fxg5
Nc7 60. Bb3 Kf8 61. Kf6 Ne8+ 62. Ke6 Ng7+ 63. Kd6 Nh5 64. Kc6 Kg7 65. Bc2 Nf4
66. Kxb6 Ne6 67. g6 Nd4 68. Be4 Ne2 69. a3 Nc3 70. Bc2 Kf6 71. Kc5 Ne2 72. a4
1-0

[Event "15. OIBM Bad Wiessee"]
[Site "Bad Wiessee"]
[Date "2011.11.03"]
[Round "7.38"]
[White "Lampert, Jonas"]
[Black "Bach, Matthias"]
[Result "1-0"]
[WhiteElo "2188"]
[BlackElo "2316"]
[PlyCount "95"]
[EventDate "2011.??.??"]
[WhiteTeam "Hamburger SK von 1830 eV"]
[BlackTeam "Hamburger SK von 1830 eV"]

1. e4 c5 2. Nf3 b6 3. d4 cxd4 4. Nxd4 Bb7 5. Nc3 a6 6. Be3 d6 7. Qd2 Nf6 8. f3
Nbd7 9. g4 h6 10. h4 b5 11. Bh3 Ne5 12. g5 Nfd7 13. Qe2 g6 14. f4 Nc4 15. h5
Nxe3 16. hxg6 fxg6 (16... Nc4 17. gxf7+ Kxf7 18. Qh5+ $18) 17. Qxe3 Qb6 18. Nd5
Bxd5 19. Bxd7+ Kxd7 20. exd5 Kc7 21. Ne6+ Kb7 22. Qxb6+ Kxb6 23. Kd2 h5 24.
Raf1 h4 25. Rh3 Rc8 26. Rfh1 Rg8 27. Rxh4 Bg7 28. c3 b4 29. R1h3 bxc3+ 30. bxc3
Bh8 31. Rh7 Rge8 32. Rf7 Kb5 33. f5 gxf5 34. g6 Bf6 35. g7 Rg8 36. Rf8 Bxg7 37.
Rxc8 Rxc8 38. Nxg7 f4 39. Ne6 Rc4 40. Kd3 Ra4 41. Rh2 a5 42. Rb2+ Ka6 43. Nd4
Ra3 44. Nc6 f3 45. Nxe7 f2 46. Rxf2 Kb5 47. Nf5 Kc5 48. Nd4 1-0

[Event "15. OIBM Bad Wiessee"]
[Site "Bad Wiessee"]
[Date "2011.11.03"]
[Round "7.42"]
[White "Kastek, Thomas"]
[Black "Lokander, Martin"]
[Result "0-1"]
[WhiteElo "2172"]
[BlackElo "2113"]
[PlyCount "140"]
[EventDate "2011.??.??"]
[WhiteTeam "Hamburger SK von 1830 eV"]
[BlackTeam "SK Rockaden"]

1. c4 c5 2. g3 g6 3. Bg2 Bg7 4. Nc3 Nc6 5. a3 a6 6. Rb1 Rb8 7. b4 cxb4 8. axb4
b5 9. cxb5 axb5 10. Nf3 e5 11. d4 exd4 12. Nd5 Nf6 13. Bg5 h6 14. Bxf6 Bxf6 15.
Nxf6+ Qxf6 16. Qd2 O-O 17. O-O Re8 18. Rfe1 Kh7 19. Rbd1 Qd6 20. Nxd4 Nxb4 21.
Qc3 Ba6 22. Nc2 Na2 23. Qb2 Qe6 24. Bd5 Qh3 25. Qxa2 Rb6 26. Nb4 Bc8 27. Bg2
Qf5 28. Rd4 Rf6 29. Rf4 Qe5 30. Rxf6 Qxf6 31. Nd5 Qe5 32. Nb6 Qf6 33. Nxc8 Rxc8
34. Bd5 b4 35. Bxf7 Rf8 36. Bxg6+ Kxg6 37. e3 b3 38. Qb1+ Kg7 39. Re2 Qe6 40.
Rd2 Rc8 41. Qb2+ Kh7 42. Rd3 Rb8 43. Kf1 Rb7 44. Ke1 Qc4 45. Rd4 Qe6 46. Rd3
Kg6 47. Rc3 Rb4 48. Kf1 Qa6+ 49. Kg2 Qb7+ 50. f3 Qd5 51. Kf2 Kf7 52. Ke2 Qh5
53. h4 Qe5 54. Kd2 h5 55. Kc1 Qb5 56. Kb1 Qf1+ 57. Qc1 Qxf3 58. Qd2 Qf5+ 59.
Kb2 Rg4 60. Kxb3 Rxg3 61. Rc4 Rf3 62. Rd4 Ke8 63. Kc3 Rf2 64. Re4+ Kd8 65. Qd4
Qa5+ 66. Qb4 Qa1+ 67. Kc4 Qa2+ 68. Kd4 Rd2+ 69. Ke5 Qe6+ 70. Kf4 Qf6+ 0-1

[Event "15. OIBM Bad Wiessee"]
[Site "Bad Wiessee"]
[Date "2011.11.03"]
[Round "7.45"]
[White "Fischer, Gerd"]
[Black "Grant, Jonathan"]
[Result "0-1"]
[WhiteElo "2102"]
[BlackElo "2209"]
[PlyCount "78"]
[EventDate "2011.??.??"]
[WhiteTeam "FC Gunzenhausen 1910 e.V"]
[BlackTeam "Edinburgh West"]

1. e4 c6 2. Nf3 d5 3. Nc3 Bg4 4. h3 Bxf3 5. Qxf3 e6 6. exd5 cxd5 7. d4 Nc6 8.
Qe3 Nf6 9. Bd3 g6 10. Ne2 Bg7 11. c3 O-O 12. O-O a6 13. f4 b5 14. a3 Qb6 15.
Kh1 Na5 16. Bc2 Nc4 17. Qf3 Nd6 18. g4 Nfe4 19. f5 exf5 20. Nf4 Qc6 21. Bb3
fxg4 22. hxg4 Nc4 23. Rg1 Rae8 24. a4 f5 25. axb5 axb5 26. Ra7 fxg4 27. Rxg4
Qf6 28. Qg2 Qf5 29. Kg1 Nf6 30. Rg5 Re1+ 31. Kh2 Qe4 32. Bxc4 bxc4 33. Bd2 Rd1
34. Rg3 Rb8 35. Be3 Rxb2 36. Rxg7+ Kxg7 37. Ne6+ Kg8 38. Rxg6+ hxg6 39. Qxb2
Rh1+ 0-1

[Event "15. OIBM Bad Wiessee"]
[Site "Bad Wiessee"]
[Date "2011.11.05"]
[Round "9.1"]
[White "Graf, Alexander"]
[Black "Nisipeanu, Liviu-Dieter"]
[Result "1/2-1/2"]
[WhiteElo "2628"]
[BlackElo "2638"]
[PlyCount "44"]
[EventDate "2011.??.??"]
[WhiteTeam "SK König Plauen"]

1. d4 Nf6 2. c4 e6 3. Nc3 Bb4 4. e3 c5 5. Nge2 cxd4 6. exd4 O-O 7. a3 Be7 8.
Nf4 d6 9. Be2 e5 10. Nfd5 Nxd5 11. Nxd5 Nc6 12. dxe5 dxe5 13. O-O Be6 14. Re1
Bc5 15. Be3 Bd4 16. Bf3 Rc8 17. Qe2 Bxe3 18. Qxe3 Nd4 19. Rac1 Nxf3+ 20. gxf3
b5 21. Qxe5 Rxc4 22. Rcd1 Qh4 1/2-1/2

[Event "15. OIBM Bad Wiessee"]
[Site "Bad Wiessee"]
[Date "2011.11.05"]
[Round "9.2"]
[White "Zhigalko, Sergei"]
[Black "Nyzhnyk, Illja"]
[Result "1-0"]
[WhiteElo "2696"]
[BlackElo "2561"]
[PlyCount "95"]
[EventDate "2011.??.??"]

1. e4 c5 2. Nf3 d6 3. d4 cxd4 4. Nxd4 Nf6 5. Nc3 a6 6. Bg5 Nbd7 7. f4 e5 8. Nf5
Qb6 9. Qd2 Qxb2 10. Rb1 Qa3 11. Be2 h6 12. Bh4 exf4 13. Rb3 Qa5 14. O-O Nc5 15.
Nxd6+ Bxd6 16. Qxd6 Nxb3 17. Bxf6 Qc5+ 18. Qxc5 Nxc5 19. Bxg7 Rg8 20. Bxh6 Be6
21. Bxf4 O-O-O 22. Be3 Nd7 23. Rd1 Bg4 24. Bxg4 Rxg4 25. Rf1 f6 26. h3 Rh4 27.
Rf5 Re8 28. Kf2 b5 29. a3 Re6 30. Bd4 Rh8 31. Ke3 Rc6 32. Kd3 Rg8 33. Nd5 Kd8
34. g4 Rh8 35. Nf4 Rh7 36. c3 Ke7 37. Nd5+ Kf7 38. Nf4 Ke8 39. Nh5 Ke7 40. Nf4
Rc4 41. h4 Ra4 42. g5 fxg5 43. hxg5 Rf7 44. Nd5+ Ke6 45. Nf4+ Ke7 46. Rxf7+
Kxf7 47. g6+ Ke8 48. e5 1-0

[Event "15. OIBM Bad Wiessee"]
[Site "Bad Wiessee"]
[Date "2011.11.05"]
[Round "9.5"]
[White "Volkov, Sergey"]
[Black "Mainka, Romuald"]
[Result "1/2-1/2"]
[WhiteElo "2614"]
[BlackElo "2488"]
[PlyCount "57"]
[EventDate "2011.??.??"]
[BlackTeam "Schachclub Hansa Dortmund e.V."]

1. d4 d5 2. c4 c6 3. Nf3 Nf6 4. e3 Bg4 5. Nc3 e6 6. Qb3 Qb6 7. Nh4 Nbd7 8. h3
Bh5 9. g4 Bg6 10. Nxg6 hxg6 11. Bg2 Qc7 12. g5 Nh5 13. Bd2 Nb6 14. cxd5 exd5
15. Rc1 Qd7 16. e4 dxe4 17. Nxe4 Nd5 18. O-O Nhf4 19. Bxf4 Nxf4 20. Qe3 Nxg2
21. Kxg2 Qd5 22. b4 Bxb4 23. Rb1 Ba5 24. Rxb7 Bb6 25. Qf3 O-O 26. h4 Rad8 27.
Rc1 Rfe8 28. Nd2 Bxd4 29. Rxc6 1/2-1/2

[Event "15. OIBM Bad Wiessee"]
[Site "Bad Wiessee"]
[Date "2011.11.05"]
[Round "9.6"]
[White "Kummerow, Heiko"]
[Black "Markowski, Tomasz"]
[Result "1/2-1/2"]
[WhiteElo "2347"]
[BlackElo "2607"]
[PlyCount "152"]
[EventDate "2011.??.??"]
[WhiteTeam "Recklinghäuser Schachgemeinschaf"]
[BlackTeam "SK König Plauen"]

1. e4 e5 2. Nf3 Nc6 3. d4 exd4 4. Nxd4 Bc5 5. Be3 Qf6 6. c3 Nge7 7. Bc4 O-O 8.
O-O b6 9. Qd2 Qg6 10. Nxc6 Qxc6 11. Bxc5 Qxc5 12. Qd4 d6 13. Rd1 Be6 14. Na3
Qg5 15. Qd2 Qe5 16. Qd4 Qg5 17. Qd2 Qg6 18. Bxe6 fxe6 19. Nb5 Rfc8 20. Qe2 e5
21. a4 a6 22. Na3 Kh8 23. Nc2 Rf8 24. a5 b5 25. c4 bxc4 26. Qxc4 Qf7 27. Qxf7
Rxf7 28. Nb4 Rff8 29. Rac1 Ra7 30. Nc6 Nxc6 31. Rxc6 Kg8 32. Rdc1 Rf7 33. f3
Kf8 34. Kf2 Ke8 35. b4 Kd7 36. Ke3 Rf8 37. Kd3 g5 38. h3 h5 39. R6c4 Rb7 40.
Ke3 Rf7 41. Kd3 Ra7 42. Ke3 Kc8 43. Kd3 Kb7 44. Kc3 Kc8 45. Kb3 Kd7 46. Ka4 Rf8
47. Rc6 Rb8 48. R6c4 Rg8 49. R4c3 Rb7 50. Rc4 Rf8 51. R1c3 Rfb8 52. Ka3 Ra7 53.
Ka4 Rb5 54. Rc2 Rab7 55. R2c3 Kc8 56. Rd3 Kd8 57. Rd1 h4 58. Rd2 Kd7 59. Rdc2
c6 60. Rxc6 Rxb4+ 61. Ka3 Rb3+ 62. Ka2 Rb2+ 63. Ka3 Rxc2 64. Rxc2 Rb5 65. Ka4
Rb1 66. Ka3 Ra1+ 67. Kb4 Rd1 68. Kb3 d5 69. exd5 Rxd5 70. Kb4 Rb5+ 71. Ka4 Kd6
72. Rc4 Rb8 73. Rg4 Rg8 74. Rb4 Rc8 75. Rg4 Rg8 76. Rb4 Rc8 1/2-1/2

[Event "15. OIBM Bad Wiessee"]
[Site "Bad Wiessee"]
[Date "2011.11.05"]
[Round "9.7"]
[White "Kempinski, Robert"]
[Black "Wagner, Dennis"]
[Result "1-0"]
[WhiteElo "2604"]
[BlackElo "2290"]
[PlyCount "61"]
[EventDate "2011.??.??"]
[WhiteTeam "Hamburger SK von 1830 eV"]
[BlackTeam "Kasseler SK 1876"]

1. d4 d5 2. c4 dxc4 3. e3 e5 4. Bxc4 exd4 5. exd4 Nf6 6. Qb3 Qe7+ 7. Ne2 Qb4+
8. Nbc3 Qxb3 9. Bxb3 Bb4 10. O-O O-O 11. Bg5 Be6 12. Bxf6 gxf6 13. Nd5 Bxd5 14.
Bxd5 c6 15. Bb3 Rd8 16. Rad1 Nd7 17. Ng3 Nb6 18. Nh5 Be7 19. Rfe1 Kf8 20. Re3
Rd7 21. Rg3 h6 22. Rg7 Nd5 23. Bc2 Re8 24. Rh7 Kg8 25. Re1 Rdd8 26. Rg7+ Kh8
27. g3 Bb4 28. Rxe8+ Rxe8 29. Rxf7 Re1+ 30. Kg2 Re2 31. Bb3 1-0

[Event "15. OIBM Bad Wiessee"]
[Site "Bad Wiessee"]
[Date "2011.11.05"]
[Round "9.8"]
[White "Sokolov, Andrei"]
[Black "Rozentalis, Eduardas"]
[Result "1/2-1/2"]
[WhiteElo "2519"]
[BlackElo "2575"]
[PlyCount "20"]
[EventDate "2011.??.??"]
[WhiteTeam "TV Tegernsee"]

1. e4 e5 2. Nf3 Nf6 3. Nxe5 d6 4. Nf3 Nxe4 5. d4 d5 6. Bd3 Be7 7. O-O Nc6 8. c4
Nf6 9. Nc3 O-O 10. h3 Be6 1/2-1/2

[Event "15. OIBM Bad Wiessee"]
[Site "Bad Wiessee"]
[Date "2011.11.05"]
[Round "9.9"]
[White "Ernst, Sipke"]
[Black "Eingorn, Vereslav"]
[Result "1/2-1/2"]
[WhiteElo "2581"]
[BlackElo "2567"]
[PlyCount "112"]
[EventDate "2011.??.??"]
[WhiteTeam "SG Solingen e.V."]

1. d4 e6 2. Nf3 c5 3. c4 cxd4 4. Nxd4 Nc6 5. g3 Qb6 6. Nb5 Ne5 7. Bf4 a6 8.
Bxe5 axb5 9. cxb5 Qxb5 10. Bd4 Qc6 11. f3 Nf6 12. Nd2 d5 13. Rc1 Qd6 14. e4 e5
15. Bc5 Qd8 16. Bxf8 Kxf8 17. exd5 Qxd5 18. Bc4 Qa5 19. Qb3 g6 20. Bxf7 Kg7 21.
Bc4 e4 22. Qc3 exf3 23. O-O Qxc3 24. Rxc3 Bh3 25. Rfxf3 Rad8 26. Bf1 Nd5 27.
Rb3 Bc8 28. Rfd3 b6 29. Rd4 Ne3 30. Rxd8 Rxd8 31. Rxe3 Rxd2 32. Rb3 Be6 33.
Rxb6 Bxa2 34. Rb7+ Kf6 35. h4 Bd5 36. Rb5 Be4 37. Rb8 h6 38. Re8 Bd5 39. Rd8
Ke7 40. Rb8 g5 41. hxg5 hxg5 42. Rb6 g4 43. Rb4 Kd6 44. Rb6+ Ke7 45. Rb8 Kd6
46. Rb5 Kc6 47. Rb4 Kd6 48. b3 Rb2 49. Rxg4 Rxb3 50. Rg6+ Ke7 51. Rg5 Be6 52.
Kf2 Kf6 53. Rc5 Bg4 54. Rc4 Kg5 55. Rd4 Rb2+ 56. Ke3 Rb3+ 1/2-1/2

[Event "15. OIBM Bad Wiessee"]
[Site "Bad Wiessee"]
[Date "2011.11.05"]
[Round "9.10"]
[White "Zakhartsov, Viacheslav"]
[Black "Zhigalko, Andrey"]
[Result "1/2-1/2"]
[WhiteElo "2580"]
[BlackElo "2555"]
[PlyCount "113"]
[EventDate "2011.??.??"]

1. Nf3 c5 2. c4 Nf6 3. Nc3 e6 4. g3 b6 5. Bg2 Bb7 6. O-O Be7 7. Re1 d5 8. cxd5
Nxd5 9. Nxd5 Qxd5 10. d4 cxd4 11. Qxd4 O-O 12. Bg5 Bxg5 13. Qxd5 Bxd5 14. Nxg5
Bxg2 15. Kxg2 Na6 16. Rac1 Rfd8 17. Red1 h6 18. Rxd8+ Rxd8 19. Nf3 f6 20. Rc4
Rd7 21. g4 Rc7 22. Rxc7 Nxc7 23. Nd4 Kf7 24. Kf3 a6 25. Ke4 Ke7 26. f4 Kd6 27.
h4 g6 28. e3 Nd5 29. Nf3 Nb4 30. g5 hxg5 31. hxg5 f5+ 32. Kd4 Nc6+ 33. Kd3 e5
34. Nh4 Ne7 35. fxe5+ Kxe5 36. Nf3+ Kd5 37. Nh4 Ke6 38. e4 Ke5 39. exf5 gxf5
40. Ke3 Nd5+ 41. Kf3 Nb4 42. Ng6+ Kd6 43. Kf4 Ke6 44. Nf8+ Ke7 45. Nh7 Ke6 46.
g6 Nd5+ 47. Kg5 b5 48. a3 a5 49. Nf8+ Ke7 50. g7 Kf7 51. Ne6 Ne7 52. Nd4 Kxg7
53. Nxf5+ Kf7 54. Nd6+ Ke6 55. Nxb5 Kd5 56. b4 axb4 57. axb4 1/2-1/2

[Event "15. OIBM Bad Wiessee"]
[Site "Bad Wiessee"]
[Date "2011.11.05"]
[Round "9.11"]
[White "Meister, Peter"]
[Black "Baklan, Vladimir"]
[Result "0-1"]
[WhiteElo "2428"]
[BlackElo "2617"]
[PlyCount "64"]
[EventDate "2011.??.??"]
[WhiteTeam "FC Bayern München e.V."]
[BlackTeam "SG Porz e.V."]

1. d4 g6 2. Nf3 Bg7 3. Nc3 a6 4. e4 b5 5. Bd3 d6 6. Be3 Nd7 7. a4 b4 8. Ne2
Ngf6 9. Qd2 c5 10. dxc5 Ng4 11. cxd6 Nxe3 12. Qxe3 exd6 13. c3 bxc3 14. bxc3
O-O 15. O-O Qc7 16. Rfd1 Re8 17. Qf4 Bb7 18. Bc2 Nc5 19. Qxd6 Qxd6 20. Rxd6
Bxe4 21. Bxe4 Nxe4 22. Rc6 Rac8 23. Rxc8 Rxc8 24. Rd1 Bf6 25. Rb1 a5 26. h4 Rc4
27. g4 Nxc3 28. Rb8+ Kg7 29. g5 Nxe2+ 30. Kf1 Nf4 31. gxf6+ Kxf6 32. Rb6+ Ne6
0-1

[Event "15. OIBM Bad Wiessee"]
[Site "Bad Wiessee"]
[Date "2011.11.05"]
[Round "9.12"]
[White "Zude, Arno"]
[Black "Swiercz, Dariusz"]
[Result "1-0"]
[WhiteElo "2431"]
[BlackElo "2585"]
[PlyCount "107"]
[EventDate "2011.??.??"]
[WhiteTeam "SV 1920 Hofheim"]
[BlackTeam "Schachklub Turm Emsdetten e.V."]

1. e4 c5 2. Nf3 d6 3. d4 cxd4 4. Nxd4 Nf6 5. Nc3 a6 6. a4 e6 7. Be2 Be7 8. O-O
O-O 9. f4 Nc6 10. Be3 Qc7 11. Kh1 Re8 12. Qe1 Nxd4 13. Bxd4 e5 14. fxe5 dxe5
15. Qg3 Bd8 16. Be3 Kh8 17. Bg5 Be6 18. Rad1 Be7 19. Bxf6 Bxf6 20. Bg4 Rad8 21.
Bxe6 fxe6 22. Rxd8 Rxd8 23. Qf3 Rd2 24. Rf2 Rd4 25. g3 Qc6 26. Qh5 Kg8 27. Qg4
Kf8 28. Qh5 Ke7 29. Qxh7 b5 30. axb5 axb5 31. g4 Kd6 32. g5 Be7 33. Qg8 Qb7 34.
Qe8 Kc5 35. Rf7 Rd7 36. Rf3 b4 37. Na4+ Kb5 38. b3 Ka5 39. Qg6 Qc6 40. Nb2 Rd4
41. Nc4+ Kb5 42. Re3 Rd1+ 43. Kg2 Bc5 44. Nxe5 Rd2+ 45. Kf3 Qc8 46. Re2 Rd1 47.
Qxg7 Bb6 48. Nc4 Rf1+ 49. Kg3 Qc5 50. Kh3 Qg1 51. Qd7+ Ka6 52. Qxe6 Rf3+ 53.
Kh4 Rf8 54. Qxb6+ 1-0

[Event "15. OIBM Bad Wiessee"]
[Site "Bad Wiessee"]
[Date "2011.11.05"]
[Round "9.13"]
[White "Andersson, Ulf"]
[Black "Bromberger, Stefan"]
[Result "1/2-1/2"]
[WhiteElo "2582"]
[BlackElo "2511"]
[PlyCount "62"]
[EventDate "2011.??.??"]
[WhiteTeam "SF Gerresheim 86 e.V."]
[BlackTeam "FC Bayern München e.V."]

1. Nf3 Nf6 2. d4 g6 3. g3 Bg7 4. Bg2 O-O 5. O-O d6 6. c4 Nbd7 7. Nc3 e5 8. e4
a6 9. Re1 exd4 10. Nxd4 Ng4 11. h3 Qf6 12. Nf3 Nge5 13. Nxe5 Nxe5 14. Qe2 Be6
15. Nd5 Qd8 16. Be3 b5 17. cxb5 axb5 18. b3 c5 19. Qxb5 Bxd5 20. exd5 Nd7 21.
Rab1 Rxa2 22. Re2 Rxe2 23. Qxe2 Re8 24. Qd2 Ne5 25. Bf4 Qa8 26. Bxe5 Bxe5 27.
Bf1 Bd4 28. Bc4 Re5 29. Re1 Qc8 30. Kg2 h5 31. Rxe5 Bxe5 1/2-1/2

[Event "15. OIBM Bad Wiessee"]
[Site "Bad Wiessee"]
[Date "2011.11.05"]
[Round "9.14"]
[White "Lund, Silas"]
[Black "Naumann, Alexander"]
[Result "1/2-1/2"]
[WhiteElo "2380"]
[BlackElo "2546"]
[PlyCount "88"]
[EventDate "2011.??.??"]
[WhiteTeam "Lunds ASK"]
[BlackTeam "SG Solingen e.V."]

1. d4 Nf6 2. c4 g6 3. Nc3 d5 4. Bf4 Bg7 5. Nf3 O-O 6. e3 c5 7. dxc5 Qa5 8. Rc1
dxc4 9. Bxc4 Qxc5 10. Bb3 Nc6 11. O-O Qa5 12. h3 Bf5 13. Ng5 Rad8 14. Bxf7+
Rxf7 15. Qb3 Rdf8 16. Nxf7 Rxf7 17. Qxb7 e5 18. Qxc6 exf4 19. exf4 Qb4 20. Nd5
Qxb2 21. Ne3 Bd7 22. Qa8+ Bf8 23. Nc4 Qxa2 24. Ne5 Re7 25. Rc7 Qa4 26. Qxa7
Qxa7 27. Rxa7 Bf5 28. Rxe7 Bxe7 29. g4 Be4 30. Rc1 Bd6 31. Rc4 Bb7 32. Rd4 Nd5
33. Nd7 Kf7 34. Nb6 Ke6 35. Re4+ Kf7 36. Ra4 Nxb6 37. Ra7 Nd5 38. Rxb7+ Bc7 39.
f5 gxf5 40. gxf5 Kf6 41. Kg2 Kxf5 42. Kf3 h5 43. Rb5 Ke6 44. Rc5 Bd6 1/2-1/2

[Event "15. OIBM Bad Wiessee"]
[Site "Bad Wiessee"]
[Date "2011.11.05"]
[Round "9.15"]
[White "Maric, Davor"]
[Black "Teske, Henrik"]
[Result "0-1"]
[WhiteElo "2319"]
[BlackElo "2547"]
[PlyCount "80"]
[EventDate "2011.??.??"]
[WhiteTeam "Kasseler SK 1876"]
[BlackTeam "SC 1950 Remagen"]

1. e4 c5 2. Nf3 e6 3. b3 Nc6 4. Bb2 d6 5. d4 cxd4 6. Nxd4 Nf6 7. Bd3 Be7 8.
Nxc6 bxc6 9. O-O O-O 10. c4 Nd7 11. Nc3 Nc5 12. Bc2 e5 13. b4 Rb8 14. a3 Ne6
15. Ne2 Qc7 16. Bd3 Nc5 17. Bc2 a5 18. Bc3 Na6 19. Rb1 d5 20. cxd5 axb4 21.
axb4 Nxb4 22. Qd2 cxd5 23. exd5 Ba6 24. Rfc1 Nxc2 25. Rxb8 Rxb8 26. Qxc2 Rc8
27. Qd2 Qd6 28. Ng3 Bf8 29. Ne4 Qd8 30. Re1 f6 31. d6 Qd7 32. Qd5+ Qf7 33. Qa5
Bb7 34. Rd1 Qb3 35. Re1 Ra8 36. Qc7 Bxe4 37. d7 Bb7 38. Ba5 Qd5 39. f3 Be7 40.
Rb1 Bd8 0-1

[Event "15. OIBM Bad Wiessee"]
[Site "Bad Wiessee"]
[Date "2011.11.05"]
[Round "9.17"]
[White "Berchtenbreiter, Max"]
[Black "Ziska, Helgi Dam"]
[Result "1/2-1/2"]
[WhiteElo "2290"]
[BlackElo "2460"]
[PlyCount "56"]
[EventDate "2011.??.??"]
[WhiteTeam "SGem Pang/Rosenheim"]

1. e4 c5 2. Nf3 d6 3. d4 cxd4 4. Nxd4 Nf6 5. Nc3 a6 6. Bg5 Nbd7 7. Qe2 e5 8.
Nf5 h6 9. Bh4 g6 10. Ne3 Be7 11. O-O-O b5 12. Bxf6 Nxf6 13. Ned5 Be6 14. g3 Rc8
15. Kb1 O-O 16. h4 Kg7 17. Bh3 Rc5 18. Nxf6 Bxf6 19. h5 Bc4 20. Qd2 Qa5 21. b3
Be6 22. Bxe6 fxe6 23. hxg6 Bg5 24. Qxd6 Qxc3 25. Qd7+ Kf6 26. Rd6 Qxc2+ 27. Ka1
Qc3+ 28. Kb1 Qc2+ 1/2-1/2

[Event "15. OIBM Bad Wiessee"]
[Site "Bad Wiessee"]
[Date "2011.11.05"]
[Round "9.18"]
[White "Jakubiec, Artur"]
[Black "Grant, Jonathan"]
[Result "1-0"]
[WhiteElo "2528"]
[BlackElo "2209"]
[PlyCount "153"]
[EventDate "2011.??.??"]
[BlackTeam "Edinburgh West"]

1. f4 d5 2. Nf3 Nf6 3. g3 c5 4. Bg2 Nc6 5. O-O g6 6. d3 Bg7 7. Nc3 d4 8. Na4
Qd6 9. c4 b6 10. a3 Bb7 11. Rb1 Rb8 12. b4 Nd7 13. Ng5 Nd8 14. Ne4 Qc7 15. f5
O-O 16. Bg5 Re8 17. Qd2 Bc6 18. Qc2 Nb7 19. Bd2 Nd6 20. Bf4 Bxe4 21. Bxe4 Be5
22. fxg6 hxg6 23. Nb2 Kg7 24. Bg2 Nf5 25. Nd1 Nf6 26. Qd2 Ng4 27. Bh3 Nge3 28.
Nxe3 dxe3 29. Qc1 Bxf4 30. Rxf4 e5 31. Rxf5 gxf5 32. Bxf5 Qd6 33. Qxe3 Qd4 34.
Qf2 a5 35. e3 Qd6 36. b5 Rh8 37. Rf1 Qh6 38. h4 Rbd8 39. Kg2 Rd6 40. Qf3 Rf6
41. Qg4+ Kf8 42. Qe4 Rd6 43. Qxe5 Qf6 44. Qxf6 Rxf6 45. Kh3 Kg7 46. Kg4 Rd8 47.
Rd1 Rfd6 48. Kf4 f6 49. a4 Kh6 50. Be4 Kg7 51. Bd5 Kh6 52. Kf3 Kg7 53. Ke2 Kh6
54. Rf1 Kg7 55. Rf4 Kh8 56. Re4 R6d7 57. Kf3 Kg7 58. Re6 Rd6 59. Re7+ Kh8 60.
g4 R8d7 61. Re8+ Kg7 62. Kf4 Ra7 63. e4 Rad7 64. Kf5 Ra7 65. Rg8+ Kh7 66. Re8
Rad7 67. e5 fxe5 68. g5 Rxd5 69. cxd5 Rxd5 70. Rxe5 Rxd3 71. Re7+ Kg8 72. g6
Rf3+ 73. Kg5 Kf8 74. Rb7 Ra3 75. h5 Rxa4 76. Rb8+ Ke7 77. g7 1-0

[Event "15. OIBM Bad Wiessee"]
[Site "Bad Wiessee"]
[Date "2011.11.05"]
[Round "9.20"]
[White "Meins, Gerlef"]
[Black "Löw, Gerald"]
[Result "1-0"]
[WhiteElo "2490"]
[BlackElo "2266"]
[PlyCount "113"]
[EventDate "2011.??.??"]
[WhiteTeam "SAbt SV Werder Bremen"]
[BlackTeam "TSV Bindlach Aktionär-Schachabte"]

1. d4 Nf6 2. c4 g6 3. Nc3 d5 4. Bg5 Ne4 5. Nxe4 dxe4 6. Qd2 Bg7 7. e3 c5 8. d5
Qb6 9. O-O-O a5 10. Ne2 Bg4 11. h3 Bxe2 12. Bxe2 a4 13. a3 Ra6 14. Qc2 Nd7 15.
Rd2 h6 16. Bh4 g5 17. Bg3 Qg6 18. h4 O-O 19. hxg5 hxg5 20. f3 Rfa8 21. Qxe4
Qxe4 22. fxe4 Be5 23. Rh3 Kg7 24. Bg4 Bxg3 25. Bxd7 Be5 26. Rf2 Rb6 27. Bb5 Rd6
28. Rf5 f6 29. Rf1 Rh8 30. Rxh8 Kxh8 31. Bxa4 Ra6 32. Bb5 Ra8 33. Kc2 Kg7 34.
Rh1 Ra7 35. Bd7 b6 36. Bf5 Kg8 37. Rh7 Bd6 38. Kb3 Be5 39. Ka2 Bd6 40. b3 Be5
41. a4 Bd6 42. Kb1 Be5 43. Kc2 Bd6 44. Kd3 Be5 45. Ke2 Bd6 46. Kf3 Ra8 47. e5
fxe5 48. e4 Rf8 49. Rh5 Kf7 50. Kg4 Kf6 51. Rxg5 Rh8 52. Rg6+ Kf7 53. Kg5 Bc7
54. Be6+ Kf8 55. Rh6 Kg7 56. Rxh8 Kxh8 57. Kg6 1-0